Breve historia de la independencia latinoamericana: la formación de las nacionalidades

Gespeichert in:
Bibliographische Detailangaben
Hauptverfasser: Mellafe Rojas, Rolando Bernardo (autor), González Pardo, María Teresa (VerfasserIn)
Format: Buch
Sprache:Spanisch
Veröffentlicht: Santiago Universitaria 1997
Schlagworte:
Tags: Tag hinzufügen
Keine Tags, Fügen Sie den ersten Tag hinzu!

MARC

LEADER 00000nam a2200000 a 4500
001 UCO1851
003 CL-VaPUC
008 000525e19970000CL |||||||||||||||||spa|d
082 0 4 |a 980  |b MEL  |2 21 
100 |a Mellafe Rojas, Rolando Bernardo  |e autor  |9 617190 
700 |a González Pardo, María Teresa  |e author  |9 444399 
245 1 0 |a Breve historia de la independencia latinoamericana: la formación de las nacionalidades 
300 |a 237 p 
942 |c BK 
945 |d 20000525 00:00:00  |a rbrito 
260 |a Santiago  |b Universitaria  |c 1997 
650 0 |a Historia  |9 255047 
651 0 |a América Latina   |9 255027 
583 |a last modification  |c 20000525 00:00:00  |k Rodrigo Vera 
999 |c 288442  |d 288440 
952 |0 0  |1 0  |4 0  |6 980_000000000000000_MEL_1997  |7 0  |8 A  |9 336117  |a BIBTEO  |b BIBTEO  |d 2019-11-20  |i 3603164  |l 1  |m 1  |o 980 MEL 1997  |p 3603164  |r 2025-01-17  |s 2023-08-11  |w 2019-11-20  |y BK  |k ICR